000 00317nam a22001337a 4500
005 20240808184255.0
008 240808b |||||||| |||| 00| 0 eng d
040 _cRTC
082 _a808.02
100 _aRoyal Thimphu College
245 _aLAN 101 Course Pack
300 _a185 p.;
_c29.5 Cm
942 _2ddc
_cCE TEXBOOK
999 _c9962
_d9963